| 000 | 00666nam a2200205 a 4500 | ||
|---|---|---|---|
| 005 | 20140310183529.0 | ||
| 008 | 110822s19uu xx 00 eng d | ||
| 020 | _a978-971-8527-83-2 | ||
| 050 |
_aD 400 _b.L769 2010 |
||
| 100 | _aLisa, Luis. | ||
| 245 |
_aRomance and revolutions : _bA look into the lives and times of Jose Rizal and Josephine Bracken / _cLuis Lisa & Javier De Pedro. |
||
| 260 |
_aPasig City : _bUniversity of Asia and the Pacific, _c2010. |
||
| 300 |
_a386 p. : _c24 cm. |
||
| 650 | _aPhilippine history | ||
| 650 | _aRizal, Jose | ||
| 650 | _aBracken, Josephine | ||
| 700 | _aDe Pedro, Javier | ||
| 942 |
_cBK _2lcc _kLOC |
||
| 999 |
_c24581 _d24581 |
||